000 00940cam a22002655a 4500
001 L157745
008 130424s2013 xxk f 001 0 eng d
020 _a9781907196393
022 1 _a2045-4732
035 _a(Sirsi) u157745
041 0 _aeng
050 0 4 _a692.5 $2 18
110 2 _aBuilding Cost Information Service
_91096
245 0 0 _aBuilding maintenance price book
_b2013
250 _a33rd ed.
260 _aLondon
_bBCIS
_c2013
300 _a320p.
_bspiral bound
_c21cm.
520 _aProvides realistic expectations on costs for repair work as well as a sound source of maintenance cost information for estimating and pricing. It is used widely for assessing competitive tenders and as a schedule for letting work on measured term contracts.
520 _aSupersedes 32nd (ISBN 9781907196263).
521 _aAdvanced
590 _aKA
651 4 _aUnited Kingdom
_y
690 _aCost management
_96233
942 _n0
999 _c114949
_d114949